[Event "North County CC op 195th"]
[Site "San Diego"]
[Date "2005.07.01"]
[Round "2"]
[White "Sullivan, Greg"]
[Black "Hooker, Kwame"]
[Result "1-0"]
[WhiteElo "1789"]
[BlackElo "1304"]
[PlyCount "87"]
[EventDate "2005.06.24"]
[EventType "swiss"]
[EventRounds "5"]
[EventCountry "USA"]
[SourceTitle "EXT 2009"]
[Source "ChessBase"]
[SourceDate "2008.11.26"]
[SourceVersion "1"]
[SourceVersionDate "2008.11.26"]
[SourceQuality "1"]

1. d4 Nf6 2. c4 e6 3. Nc3 Bb4 4. a3 Bxc3+ 5. bxc3 d5 6. e3 0-0 7. Nf3 Nbd7 8. Qc2 Re8 9. Be2 e5 10. dxe5 Nxe5 11. cxd5 Qxd5 12. 0-0 Nc4 13. Rd1 Qc5 14. Nd4 b5 15. Bf3 Rb8 16. a4 a6 17. axb5 axb5 18. Re1 Bg4 19. h3 Bxf3 20. Nxf3 Ne4 21. Nd4 Qg5 22. Bb2 c5 23. Nf3 Qf6 24. Rec1 Rbd8 25. Qb3 Qg6 26. Rd1 Ned2 27. Nxd2 Rxd2 28. Rxd2 Nxd2 29. Qxb5 Rd8 30. Qxc5 Nf3+ 31. Kh1 Nh4 32. Rg1 Nxg2 33. Rxg2 Rd1+ 34. Kh2 Qd6+ 35. Qxd6 Rxd6 36. c4 f6 37. c5 Rc6 38. Bd4 Kf7 39. f4 g6 40. Rb2 Ke6 41. Rb6 Kd5 42. Rxc6 Kxc6 43. e4 h6 44. Kg3 1-0

[Event "North County CC op 191st"]
[Site "San Diego"]
[Date "2005.02.25"]
[Round "5"]
[White "Hooker, Kwame"]
[Black "Hawks, Joe"]
[Result "1-0"]
[WhiteElo "1198"]
[BlackElo "1306"]
[PlyCount "55"]
[EventDate "2005.01.28"]
[EventType "swiss"]
[EventRounds "5"]
[EventCountry "USA"]
[SourceTitle "EXT 2009"]
[Source "ChessBase"]
[SourceDate "2008.11.26"]
[SourceVersion "1"]
[SourceVersionDate "2008.11.26"]
[SourceQuality "1"]

1. d4 d5 2. Nf3 c6 3. Bf4 Bf5 4. e3 Nf6 5. c4 e6 6. Qb3 Qb6 7. Nbd2 Nbd7 8. c5 Qxb3 9. axb3 Be7 10. Be2 0-0 11. h3 Ne4 12. 0-0 b5 13. b4 Ndf6 14. Rfd1 Nd7 15. Ne5 Nxe5 16. Bxe5 f6 17. Nxe4 Bxe4 18. Bd6 Rfe8 19. Ra6 Bxd6 20. cxd6 Rec8 21. Rc1 e5 22. Rcxc6 Bf5 23. Bg4 Rxc6 24. Rxc6 Bxg4 25. hxg4 Kf7 26. Rc7+ Kg6 27. d7 exd4 28. Rc8 1-0